000 00989cam a2200277 a 4500
001 000002821
005 20250225115632.0
008 971213s1997 pr a 000 0 spa d
020 _a1881715221
040 _aDO-SdBNP
_cVXY
_dOCL
_dBNPHU
082 _a508
_bG216h
100 1 _aGarcía Ríos, Cedar I.
_98924
245 1 0 _aHistorias de lo natural /
_cCedar I. García Ríos ; editado por Carlos Roberto Gómez Beras ; prólogo de Edgardo Ortiz.
260 _aSan Juan, Puerto Rico :
_bIsla Negra Editores,
_c1997.
300 _axii, 235 p. :
_bil. ;
_c23 cm.
490 1 _aVisiones y cegueras
650 0 _aCIENCIA
_xASPECTOS SOCIALES
_926048
650 4 _aEcología humana
_92035
650 4 _aRecursos naturales
_zPuerto Rico
_98926
650 4 _aRecursos naturales
_xHistoria
_98927
700 1 _aGómez Beras, Carlos Roberto,
_eed.
_98928
700 1 _aOrtiz, Edgardo,
_epról.
_98929
830 0 _aVisiones y cegueras
_91120
910 _aCatalogación por copia / LC
910 _aWM
999 _c2655
_d2655